000 00452nam a22001577a 4500
999 _c17675
_d17675
003 OSt
005 20221129141643.0
008 221129b ||||| |||| 00| 0 eng d
040 _c0
100 _aRivera, Danessa.
_946926
245 _aDOE launches online monitoring, trading platform for RE certificates /
260 _aPhilippines;
_bThe Philippine Star,
_cDecember 19, 2019.
300 _apage B8.
650 _aBusiness.
_946927
942 _2ddc
_cPER